| 000 | 00745nam a2200217 i 4500 | ||
|---|---|---|---|
| 001 | 187126 | ||
| 003 | SpMaBN | ||
| 005 | 20240229063327.0 | ||
| 008 | 170420s1987 sp |||| |dspa d | ||
| 020 | _a84-01-80725-5 | ||
| 080 | _a821.134.2-31"19" | ||
| 100 | 0 |
_aLuján, Néstor, _d1922-1995 _974707 |
|
| 245 | 1 | 0 |
_aDecidnos, ¿quién mató al conde? _b: las siete muertes del conde de Villamediana / _cNéstor Luján. |
| 250 | _a1ª ed. | ||
| 260 |
_aEsplugues de Llobregat, Barcelona : _bPlaza & Janés, _c1987. |
||
| 300 |
_a236 p. ; _c21 cm. |
||
| 500 | _aÍndice onomástico. | ||
| 586 | _aPremio Internacional de Novela Plaza & Janés 1987 | ||
| 852 |
_aES-MaACL _jL-31444 _z- enc. cart. |
||
| 999 |
_c187126 _d187126 |
||